Bilecik Bilecik Bilecik Bilecik Bilecik

Mürşid : (Record no. 44981)

MARC details
000 -BAŞLIK
Sabit Uzunluktaki Kontrol Alanı 01340nam a22003377a 4500
001 - KONTROL NUMARASI
Control Dosyası 0045146
003 - KONTROL NUMARASI KİMLİĞİ
Kontrol Alanı KOHA_MİRAKIL
005 - EN SON İŞLEM TARİHİ ve ZAMANI
Kontrol Alanı 20260207003433.0
007 - FİZİKSEL TANIM SABİT ALAN - GENEL BİLGİ
Sabit uzunluklu kontrol alanı ta
008 - SABİT UZUNLUKTAKİ VERİ ÖGELERİ - GENEL BİLGİ
Sabit Alan 131125b2004 tu |||gr||||#0|||0|tur |
020 ## - ISBN - ULUSLARARASI STANDART KİTAP NUMARASI
Isbn 9751617227
040 ## - KATALOGLAMA KAYNAĞI
Özgün Kataloglama Kurumu TR-BiSEU
Kataloglama Dili tur
Çeviri Kurumu TR-BiSEU
Açıklama Kuralları rda
041 0# - DİL KODU
Metin ya da ses kaydının dil kodu tur
044 ## - YAYINLAYAN/ÜRETEN KURULUŞUN ÜLKE KODU
ISO country code tu
050 ## - SINIFLAMA ve YER NUMARASI
Sınıflama Numarası RE41
Yer Numarası .M84 2004
100 0# - KİŞİ ADI
Yazar Adı (Kişi adı) Muhammed bin Mahmud-ı Şirvani.
245 1# - ESER ADI BİLDİRİMİ
Başlık Mürşid :
Alt Eseradı vb. [göz hastalıkları] :
-- inceleme-metin-dizin-sözlük/
Sorumluluk Bildirimi Muhammed bin Mahmud-ı Şirvani ; Muhammed bin Mahmd︣-ı Şirvń ;[hazırlayanlar] Ali Haydar Bayat, Necdet Okumuş.
264 #1 - ÜRERİM, YAYIN, DAĞITIM ve TELİF BİLDİRİMİ
Yayın yeri Ankara :
Yayınlayan Atatürk Yüksek Kurumu Atatürk Kültür Merkezi Başkanlığı
Yayın tarihi 2004
300 ## - FİZİKSEL TANIMLAMA
Sayfa, Cilt vb. 546 sayfa: tıpkıbasım ;
Boyutları 24 cm.
336 ## - İÇERİK TÜRÜ
Content type term metin
Content type code txt
Source rdacontent
337 ## - MEDYA TÜRÜ
Media type term aracısız
Media type code n
Source rdamedia
338 ## - TAŞIYICI TÜRÜ
Carrier type term cilt
Carrier type code nc
Source rdacarrier
490 1# - DİZİ BİLDİRİMİ
Dizi Bildirimi Atatürk Yüksek Kurumu Atatürk Kültür Merkezi yayını ;
Cilt Numarası 302.
490 1# - DİZİ BİLDİRİMİ
Dizi Bildirimi Kaynak eserler dizisi ;
Cilt Numarası 8.
650 #0 - KONU BAŞLIĞI EK GİRİŞ - KONU TERİMİ
Konusal terim veya coğrafi ad Eye--Diseases and defects--Early works to 1800.
9 (RLIN) 83031
650 #0 - KONU BAŞLIĞI EK GİRİŞ - KONU TERİMİ
Konusal terim veya coğrafi ad Göz--Hastalıklar ve bozukluklar--1800'den önceki yapıtlar.
9 (RLIN) 83032
830 1# - SERİ EK GİRİŞİ - TEKBİÇİM ESER ADI
Tekbiçim Başlık Atatürk Yüksek Kurumu Atatürk Kültür Merkezi yayını ;
Volume number/sequential designation 302.
9 (RLIN) 6719
830 1# - SERİ EK GİRİŞİ - TEKBİÇİM ESER ADI
Tekbiçim Başlık Kaynak eserler dizisi ;
Volume number/sequential designation 8.
9 (RLIN) 26930
907 ## - LOCAL DATA ELEMENT G, LDG (RLIN)
a İnceleme
942 ## - EK GİRİŞ ÖGELERİ (KOHA)
Source of classification or shelving scheme Library of Congress Classification
Koha item type Book
Holdings
Materyal Türü Kalıcı Konum Mevcut Konum Raf Yeri Sınıflandırma Kaynağı Edinim Bilgisi Ana Konular Alt Konular Yer Numarası Demirbaş Numarası Fatura Tarihi Geri Çekilme Durumu Kayıp Durumu Hasarlı Durumu Kredi için değil Kayıt Tarih Toplam Ödünçverme Son Görülme Tarihi Son Kontrol Tarihi Genel / Bağış Notu
Book Prof. Dr. Azmi Özcan Kütüphanesi Prof. Dr. Azmi Özcan Kütüphanesi Birûni Salonu Library of Congress Classification Bağış TIP Göz Hastalıkları (Oftalmoloji) RE41 .M84 2004 0045146 02/02/2026         25/11/2013   05/12/2024 05/12/2024 Genel Bağış